[Event "NOR-chB"]
[Site "Lillehammer"]
[Date "2013.06.30"]
[Round "2"]
[White "Lillevold, Frode"]
[Black "Haanshuus, Aslak"]
[Result "1-0"]
[WhiteElo "2150"]
[BlackElo "2035"]
[PlyCount "81"]
[EventDate "2013.06.29"]
[EventType "swiss"]
[EventRounds "9"]
[EventCountry "NOR"]
[SourceTitle "EXT 2014"]
[Source "ChessBase"]
[SourceDate "2013.11.20"]
[SourceVersion "1"]
[SourceVersionDate "2013.11.20"]
[SourceQuality "1"]

1. d4 e6 2. c4 Nf6 3. Nc3 Bb4 4. Qc2 d5 5. a3 Bxc3+ 6. Qxc3 dxc4 7. Qxc4 b6 8. Nf3 Ba6 9. Qc2 0-0 10. g3 Nbd7 11. Bg2 Bb7 12. 0-0 c5 13. b4 cxb4 14. axb4 b5 15. Bg5 Qb6 16. Bxf6 Rfc8 17. Qd2 Nxf6 18. Ne5 Bxg2 19. Kxg2 Rc7 20. Rfc1 Rac8 21. f3 Qd6 22. Rc5 a6 23. Rac1 Nd7 24. Nxd7 Qxd7 25. Qf4 Rxc5 26. dxc5 Qc7 27. Qxc7 Rxc7 28. Rd1 Kf8 29. Rd8+ Ke7 30. Ra8 Rc6 31. Ra7+ Kf6 32. f4 h6 33. Kf3 e5 34. Ke4 exf4 35. gxf4 Re6+ 36. Kd5 Rxe2 37. c6 Rd2+ 38. Kc5 Rxh2 39. c7 g5 40. Rxa6+ Ke7 41. Rc6 1-0

[Event "NOR-ch Master"]
[Site "Lillehammer"]
[Date "2013.06.29"]
[Round "5"]
[White "Mihajlov, Svetoslav"]
[Black "Haanshuus, Aslak"]
[Result "1-0"]
[WhiteElo "2026"]
[BlackElo "2031"]
[PlyCount "83"]
[EventDate "2013.06.29"]
[EventType "swiss"]
[EventRounds "9"]
[EventCountry "NOR"]
[SourceTitle "EXT 2018"]
[Source "ChessBase"]
[SourceDate "2017.10.13"]
[SourceVersion "1"]
[SourceVersionDate "2017.10.13"]
[SourceQuality "1"]

1. d4 Nf6 2. c4 e6 3. Nc3 Bb4 4. e3 0-0 5. Bd3 d5 6. Nf3 b6 7. 0-0 Bxc3 8. bxc3 Nbd7 9. Nd2 Bb7 10. a4 a5 11. f3 dxc4 12. Nxc4 Ba6 13. e4 c5 14. Qe2 Qc7 15. Be3 Rfc8 16. Rfc1 b5 17. axb5 Bxb5 18. Qd2 Bxc4 19. Bxc4 Nb6 20. Be2 c4 21. Rcb1 Nfd7 22. Rb5 a4 23. Qb2 Ra6 24. Qb4 Rca8 25. Ra3 Qc6 26. Qb2 h6 27. Rb4 Rb8 28. Qa2 Rc8 29. Qb1 Rb8 30. Qe1 Qd6 31. Qc1 Rc8 32. Qe1 Rb8 33. Qg3 Qxg3 34. hxg3 Rc8 35. g4 Kf8 36. Bc1 Ke7 37. Ra2 a3 38. Rxa3 Rxa3 39. Bxa3 Ra8 40. Ra4+ Kd8 41. Rxa8+ Nxa8 42. Bxc4 1-0

[Event "Reunion op 14th"]
[Site "St Denis"]
[Date "2012.10.07"]
[Round "3"]
[White "Chan Kai Hou, Fabrice"]
[Black "Haanshuus, Aslak"]
[Result "1/2-1/2"]
[WhiteElo "1954"]
[BlackElo "2059"]
[PlyCount "119"]
[EventDate "2012.10.06"]
[EventType "swiss"]
[EventRounds "9"]
[EventCountry "RUF"]
[SourceTitle "EXT 2013"]
[Source "ChessBase"]
[SourceDate "2012.11.22"]
[SourceVersion "1"]
[SourceVersionDate "2012.11.22"]
[SourceQuality "1"]

1. d4 Nf6 2. c4 e5 3. dxe5 Ng4 4. Nf3 Bc5 5. e3 Nc6 6. Nc3 Ngxe5 7. Be2 Nxf3+ 8. Bxf3 Ne5 9. Be2 0-0 10. 0-0 Re8 11. Na4 Bf8 12. b3 d6 13. Bb2 Qh4 14. Qd4 Qxd4 15. Bxd4 Bd7 16. Nb2 a5 17. Nd1 f5 18. Bb2 a4 19. Nc3 a3 20. Bc1 c6 21. Rd1 Be6 22. f4 Nd7 23. e4 fxe4 24. Nxe4 d5 25. Ng5 Bc5+ 26. Kf1 Nf6 27. Nxe6 Rxe6 28. cxd5 Nxd5 29. Bc4 Rae8 30. Bd2 Kf8 31. Bxd5 cxd5 32. Re1 Kf7 33. Rxe6 Rxe6 34. Re1 Bd4 35. Rxe6 Kxe6 36. Ke2 Bc5 37. g4 d4 38. Kd3 Kd5 39. f5 b5 40. b4 Bd6 41. h4 Be7 42. g5 Ke5 43. Be1 Kd5 44. Bf2 Bxb4 45. Bxd4 Bf8 46. h5 b4 47. Ba1 Be7 48. g6 hxg6 49. hxg6 Bf8 50. Bd4 Kd6 51. Kc4 Kc6 52. Be3 Be7 53. Bd2 b3 54. axb3 Bf6 55. Bc3 a2 56. Bxf6 gxf6 57. g7 a1Q 58. g8Q Qc1+ 59. Kd4 Qd2+ 60. Ke4 1/2-1/2

[Event "Budapest FS07 FM-C"]
[Site "Budapest"]
[Date "2012.07.15"]
[Round "8"]
[White "Lukacs, Albert"]
[Black "Haanshuus, Aslak"]
[Result "1-0"]
[WhiteElo "1861"]
[BlackElo "1917"]
[PlyCount "79"]
[EventDate "2012.07.07"]
[EventType "tourn"]
[EventRounds "10"]
[EventCountry "HUN"]
[SourceTitle "CBM 149 Extra"]
[Source "ChessBase"]
[SourceDate "2012.08.24"]
[SourceVersion "1"]
[SourceVersionDate "2012.08.24"]
[SourceQuality "1"]

1. e4 c5 2. Nc3 Nc6 3. g3 d6 4. Bg2 g6 5. Nge2 Bg7 6. 0-0 e6 7. d3 Nge7 8. Be3 Nd4 9. Rb1 Nec6 10. Qd2 Qa5 11. Nf4 0-0 12. a3 a6 13. Nh3 e5 14. f4 Qd8 15. Nd5 Ne7 16. Nxe7+ Qxe7 17. c3 Nc6 18. f5 f6 19. fxg6 hxg6 20. b4 b6 21. a4 Be6 22. d4 Bc4 23. Rfc1 cxd4 24. cxd4 b5 25. d5 Nd8 26. a5 Nf7 27. Rc2 Qd7 28. Nf2 Kh7 29. Rbc1 Bh6 30. Bf1 Bxe3 31. Qxe3 Bxf1 32. Rc7 Qd8 33. Kxf1 g5 34. Ng4 Kg6 35. Qf3 Nh6 36. Nxh6 Kxh6 37. Qf5 Rh8 38. Rf7 Kh5 39. g4+ Kh6 40. Rxf6+ 1-0

[Event "Budapest FS07 FM-C"]
[Site "Budapest"]
[Date "2012.07.13"]
[Round "6"]
[White "Schenkerik, Csaba"]
[Black "Haanshuus, Aslak"]
[Result "1/2-1/2"]
[WhiteElo "2116"]
[BlackElo "1917"]
[PlyCount "64"]
[EventDate "2012.07.07"]
[EventType "tourn"]
[EventRounds "10"]
[EventCountry "HUN"]
[SourceTitle "CBM 149 Extra"]
[Source "ChessBase"]
[SourceDate "2012.08.24"]
[SourceVersion "1"]
[SourceVersionDate "2012.08.24"]
[SourceQuality "1"]

1. e4 c5 2. Nf3 Nc6 3. d4 cxd4 4. Nxd4 e5 5. Nb5 a6 6. Nd6+ Bxd6 7. Qxd6 Qf6 8. Qd2 Qg6 9. f3 Nge7 10. c4 d6 11. b3 0-0 12. Ba3 Nd4 13. Nc3 f5 14. Bd3 Bd7 15. 0-0-0 b5 16. Nd5 Nxd5 17. cxd5 Rac8+ 18. Kb1 a5 19. Bb2 b4 20. Bxd4 exd4 21. Rhe1 Qf6 22. exf5 Bxf5 23. Bxf5 Qxf5+ 24. Qd3 Qxd5 25. Qxd4 Qxd4 26. Rxd4 Rfe8 27. Rxe8+ Rxe8 28. Rxd6 Re1+ 29. Kc2 Ra1 30. Rd2 Rxa2+ 31. Kd3 Ra3 32. Kc4 Kf7 1/2-1/2

[Event "Budapest FS07 FM-C"]
[Site "Budapest"]
[Date "2012.07.11"]
[Round "5"]
[White "Laza, Szabolcs"]
[Black "Haanshuus, Aslak"]
[Result "1/2-1/2"]
[WhiteElo "1938"]
[BlackElo "1917"]
[PlyCount "53"]
[EventDate "2012.07.07"]
[EventType "tourn"]
[EventRounds "10"]
[EventCountry "HUN"]
[SourceTitle "CBM 149 Extra"]
[Source "ChessBase"]
[SourceDate "2012.08.24"]
[SourceVersion "1"]
[SourceVersionDate "2012.08.24"]
[SourceQuality "1"]

1. d4 Nf6 2. c4 e6 3. Nf3 Bb4+ 4. Bd2 Qe7 5. g3 d5 6. cxd5 Bxd2+ 7. Qxd2 exd5 8. Bg2 0-0 9. 0-0 Re8 10. Nc3 c6 11. Qc2 Bg4 12. Rfe1 Nbd7 13. a3 Bh5 14. Nh4 Nb6 15. b4 Qd7 16. Na4 Nxa4 17. Qxa4 Ne4 18. Qc2 g5 19. Nf3 f6 20. Nd2 Bg6 21. Nxe4 Bxe4 22. Qd2 Bxg2 23. Kxg2 Qe6 24. Qd3 Qe4+ 25. Qxe4 Rxe4 26. e3 f5 27. f3 1/2-1/2

[Event "Budapest FS07 FM-C"]
[Site "Budapest"]
[Date "2012.07.08"]
[Round "2"]
[White "Mayer, Istvan"]
[Black "Haanshuus, Aslak"]
[Result "0-1"]
[WhiteElo "2106"]
[BlackElo "1917"]
[PlyCount "36"]
[EventDate "2012.07.07"]
[EventType "tourn"]
[EventRounds "10"]
[EventCountry "HUN"]
[SourceTitle "CBM 149 Extra"]
[Source "ChessBase"]
[SourceDate "2012.08.24"]
[SourceVersion "1"]
[SourceVersionDate "2012.08.24"]
[SourceQuality "1"]

1. e4 c5 2. Nf3 Nc6 3. Bc4 e6 4. Nc3 d6 5. 0-0 Nf6 6. Re1 Be7 7. a3 a6 8. d4 d5 9. exd5 exd5 10. Bf1 c4 11. h3 0-0 12. Ne5 Be6 13. f4 Nxe5 14. dxe5 Bc5+ 15. Kh1 Ng4 16. Qf3 Nf2+ 17. Kh2 Qh4 18. Re2 Bg4 0-1

[Event "Stjernen CC-ch"]
[Site "Oslo"]
[Date "2011.03.29"]
[Round "6"]
[White "Haanshuus, Aslak"]
[Black "Wasshaug, Espen"]
[Result "1-0"]
[WhiteElo "1768"]
[BlackElo "1614"]
[PlyCount "113"]
[EventDate "2011.02.08"]
[EventType "swiss"]
[EventRounds "9"]
[EventCountry "NOR"]
[SourceTitle "EXT 2024"]
[Source "ChessBase"]
[SourceDate "2023.10.10"]
[SourceVersion "1"]
[SourceVersionDate "2023.10.10"]
[SourceQuality "1"]

1. d4 Nf6 2. Nf3 c5 3. e3 d5 4. Be2 Nc6 5. 0-0 Bf5 6. b3 e6 7. Bb2 Be7 8. Nbd2 cxd4 9. Nxd4 Nxd4 10. exd4 0-0 11. c4 Qb6 12. c5 Qc7 13. b4 Qf4 14. Nf3 Ne4 15. Bc1 Qc7 16. Qb3 b6 17. Be3 a6 18. Ne5 bxc5 19. bxc5 Nxc5 20. Qc3 Bd6 21. Rfc1 Qb8 22. Nc6 Ne4 23. Qa5 Bxh2+ 24. Kh1 Ng3+ 25. fxg3 Qxg3 26. Ne7+ Kh8 27. Nxf5 exf5 28. Bf3 Qh4 29. Bg5 Qxg5 30. Kxh2 Qh4+ 31. Kg1 Qxd4+ 32. Kf1 Qd3+ 33. Kf2 d4 34. Bxa8 Rxa8 35. Qe5 h6 36. Rd1 Qc2+ 37. Qe2 Qc5 38. Rac1 Qb6 39. Qd3 Rd8 40. Rc4 Qe6 41. Rd2 Qe5 42. Rxd4 Rb8 43. Rd8+ Rxd8 44. Qxd8+ Kh7 45. Qd6 Qe4 46. Qd4 Qe6 47. Re2 Qc6 48. a4 Qc1 49. a5 Qc7 50. Qe5 Qd7 51. Qc5 Qd8 52. Qxf5+ Kg8 53. Qe5 Qh4+ 54. Kf1 Qh1+ 55. Kf2 Qc1 56. Qf5 Qc6 57. Rc2 1-0

[Event "Stjernen CC-ch"]
[Site "Oslo"]
[Date "2011.03.15"]
[Round "4"]
[White "Haanshuus, Aslak"]
[Black "Andersen, Guttorm"]
[Result "0-1"]
[WhiteElo "1768"]
[BlackElo "1602"]
[PlyCount "90"]
[EventDate "2011.02.08"]
[EventType "swiss"]
[EventRounds "9"]
[EventCountry "NOR"]
[SourceTitle "EXT 2024"]
[Source "ChessBase"]
[SourceDate "2023.10.10"]
[SourceVersion "1"]
[SourceVersionDate "2023.10.10"]
[SourceQuality "1"]

1. d4 d5 2. Nf3 Nf6 3. e3 e6 4. Bd3 Bd6 5. 0-0 0-0 6. Nbd2 c5 7. b3 Re8 8. Bb2 cxd4 9. exd4 Nc6 10. Ne5 Qc7 11. Nxc6 Bxh2+ 12. Kh1 bxc6 13. Nf3 Ng4 14. Bxh7+ Kf8 15. Ne5 Nxe5 16. dxe5 Bxe5 17. Ba3+ Bd6 18. Bxd6+ Qxd6 19. Qd2 e5 20. g3 g6 21. Qh6+ Ke7 22. Kg2 Bf5 23. Rae1 Kd7 24. Rh1 Rh8 25. Qg7 e4 26. Qxf7+ Qe7 27. Bxg6 Qxf7 28. Bxf7 Bg4 29. Rh4 Bf3+ 30. Kh2 Ke7 31. Bg6 Kf6 32. Bh7 Kg5 33. c4 Rad8 34. Kh3 Rd6 35. Bxe4 Bg4+ 36. Kg2 Rxh4 37. gxh4+ Kf4 38. cxd5 cxd5 39. f3 Bh5 40. Rd1 d4 41. Kf2 Ra6 42. a4 Rd6 43. Rg1 Bf7 44. Rg5 Rf6 45. b4 Bb3 0-1

[Event "Stjernen CC-ch"]
[Site "Oslo"]
[Date "2011.02.15"]
[Round "2"]
[White "Haanshuus, Aslak"]
[Black "Sandnes, Jan Oddvar"]
[Result "1-0"]
[WhiteElo "1768"]
[BlackElo "1544"]
[PlyCount "35"]
[EventDate "2011.02.08"]
[EventType "swiss"]
[EventRounds "9"]
[EventCountry "NOR"]
[SourceTitle "EXT 2024"]
[Source "ChessBase"]
[SourceDate "2023.10.10"]
[SourceVersion "1"]
[SourceVersionDate "2023.10.10"]
[SourceQuality "1"]

1. d4 Nf6 2. Nf3 e6 3. e3 d5 4. Bd3 c5 5. b3 Nbd7 6. Bb2 Be7 7. Nbd2 a6 8. Ne5 Qc7 9. Rc1 b5 10. c4 Rb8 11. cxb5 axb5 12. Nxd7 Nxd7 13. dxc5 Nxc5 14. Nf3 Nxd3+ 15. Qxd3 Bb4+ 16. Ke2 Qe7 17. Bxg7 Rg8 18. Qxh7 1-0